000 00346nam a2200145Ia 4500
008 221030s9999 xx 000 0 und d
020 _a9388333252
041 _aEnglish
100 _aP. Jain
245 0 _aMind, Life & Reflections
_cby P. Jain
260 _bInvincible Pub.
_aGurgaon
_c2018
300 _a203
650 _aGeneral
942 _cBK
999 _c18378
_d18378